Marketing research for managers (Record no. 422984)

MARC details
000 -LEADER
fixed length control field 00276nam a2200097Ia 4500
082 ## - DEWEY DECIMAL CLASSIFICATION NUMBER
Classification number 658.83 CROU
008 - FIXED-LENGTH DATA ELEMENTS--GENERAL INFORMATION
fixed length control field 210817s9999 xx 000 0 und d
100 ## - MAIN ENTRY--PERSONAL NAME
Personal name CROUCH, Sunny Oxford, 2003 3rd ed
9 (RLIN) 96567
245 #0 - TITLE STATEMENT
Title Marketing research for managers
942 ## - ADDED ENTRY ELEMENTS
item type Books

No items available.